Click West Virginia Counties On A Map - Statistics

General Stats
  • This quiz has been taken 7 times
  • The average score is 27 of 55
Answers on the Map
Answers color-coded by a green-red scale on the quiz's map according to % correct below.
 
Answer Stats
Answer % Correct
Cabell
75%
Kanawha
75%
Marshall
75%
Ohio
75%
Raleigh
75%
Ritchie
75%
Wetzel
75%
Wood
75%
Wyoming
75%
Berkeley
50%
Braxton
50%
Brooke
50%
Doddridge
50%
Fayette
50%
Greenbrier
50%
Hampshire
50%
Hancock
50%
Hardy
50%
Harrison
50%
Jefferson
50%
Lewis
50%
Lincoln
50%
Logan
50%
Marion
50%
Mason
50%
McDowell
50%
Mingo
50%
Monongalia
50%
Monroe
50%
Morgan
50%
Nicholas
50%
Pendleton
50%
Pleasants
50%
Pocahontas
50%
Preston
50%
Putnam
50%
Randolph
50%
Roane
50%
Summers
50%
Taylor
50%
Tucker
50%
Tyler
50%
Webster
50%
Barbour
25%
Boone
25%
Calhoun
25%
Clay
25%
Gilmer
25%
Grant
25%
Jackson
25%
Mercer
25%
Mineral
25%
Upshur
25%
Wayne
25%
Wirt
25%
No matching quizzes found
Score Distribution
Percent of People with Each Score
Percentile by Number Answered
Your Score History
You have not taken this quiz